Hacia el fraude electoral: falta oxígeno

Se realiza una síntesis del el proceso electoral en Nicaragua por medio de interrogantes y lo que se vislumbra para las elecciones del 2000, enfatizando las diferentes estrategias tomadas por los partidos políticos. Se proclama una falta de oxigeno y claridad en las elecciones ya que se han encontra...

Ful tanımlama

Kaydedildi:
Detaylı Bibliyografya
Materyal Türü: Metin
Konular:
Etiketler: Etiketle
Etiket eklenmemiş, İlk siz ekleyin!

MARC

LEADER 00000 a a2200000 04500
001 7134
003
040
245 |a Hacia el fraude electoral:   |b falta oxígeno  
520 |a Se realiza una síntesis del el proceso electoral en Nicaragua por medio de interrogantes y lo que se vislumbra para las elecciones del 2000, enfatizando las diferentes estrategias tomadas por los partidos políticos. Se proclama una falta de oxigeno y claridad en las elecciones ya que se han encontrado elementos suficientes para exigir legitimación en las elecciones, lo cual crea un clima de desencanto e incertidubre en el pueblo./WMV  
650 |a DEMOCRACIA  
650 |a ELECCIONES  
650 |a SISTEMAS ELECTORALES  
650 |a VOTACION  
650 |a CORRUPCION  
773 |g volumen 19, número 221; páginas 3-13  
999 |c 25803  |d 25803